[Event "LSS No Engine Cup 209 Preliminary 0"]
[Site "LSS email"]
[Date "2020.10.24"]
[Round "?"]
[White "Krebs, Hans Joachim"]
[Black "Hernandez Sanchez, Agustin Hector"]
[Result "1-0"]
[WhiteElo "1775"]
[BlackElo "1600"]
[PlyCount "27"]
[EventDate "2020.10.24"]
[EventType "tourn (corr)"]
[EventRounds "6"]
[EventCountry "GER"]
[SourceTitle "Corr 2022"]
[Source "ChessBase"]
[SourceDate "2021.10.24"]
[SourceVersion "1"]
[SourceVersionDate "2021.10.24"]
[SourceQuality "1"]

1. d4 Nf6 2. c4 g6 3. Nc3 Bg7 4. Nf3 c6 5. g3 0-0 6. Bg2 d5 7. cxd5 cxd5 8. Ne5 e6 9. Bg5 h6 10. Be3 Nbd7 11. f4 Nxe5 12. dxe5 Nd7 13. 0-0 f6 14. exf6 1-0

[Event "OP-2019-0-04867"]
[Site "LSS email"]
[Date "2019.11.01"]
[Round "?"]
[White "Gonzalez Castells, Jose Maria"]
[Black "Krebs, Hans Joachim"]
[Result "1/2-1/2"]
[WhiteElo "1370"]
[BlackElo "1859"]
[PlyCount "75"]
[EventDate "2019.10.21"]
[EventType "tourn (corr)"]
[EventRounds "4"]
[EventCountry "GER"]
[SourceTitle "Corr 2022"]
[Source "ChessBase"]
[SourceDate "2021.10.24"]
[SourceVersion "1"]
[SourceVersionDate "2021.10.24"]
[SourceQuality "1"]

1. a4 e5 2. e4 Nf6 3. Nc3 Bb4 4. Nd5 Nxd5 5. exd5 0-0 6. Bc4 Qh4 7. Qe2 Qf6 8. Nf3 d6 9. c3 Bc5 10. 0-0 a5 11. h3 h6 12. d4 exd4 13. Nxd4 Nd7 14. Be3 Re8 15. Bb5 Bxd4 16. Bxd4 Rxe2 17. Bxf6 Rxb2 18. Bd8 Nb6 19. Bxc7 Nxd5 20. Bxd6 Nxc3 21. Be5 Rc2 22. Bd3 Rd2 23. Bc4 Ne2+ 24. Kh2 Bf5 25. Rfe1 Re8 26. Bc3 Rc2 27. Bb5 Re6 28. Bxa5 Nd4 29. Rxe6 Bxe6 30. Bd3 Rxf2 31. Be4 Nb3 32. Rd1 f5 33. Be1 Ra2 34. Bxb7 Rxa4 35. Bd5 Bxd5 36. Rxd5 Re4 37. Bf2 g6 38. Rd7 1/2-1/2

[Event "P-5124"]
[Site "IECC email"]
[Date "2019.05.23"]
[Round "?"]
[White "Nilsson, Bjoern"]
[Black "Krebs, Hans Joachim"]
[Result "0-1"]
[WhiteElo "711"]
[BlackElo "1859"]
[PlyCount "36"]
[EventDate "2019.??.??"]
[EventType "tourn (corr)"]
[SourceTitle "Corr 2020"]
[Source "ChessBase"]
[SourceDate "2019.09.30"]
[SourceVersion "1"]
[SourceVersionDate "2019.09.30"]
[SourceQuality "1"]
[WhiteTeam "Sweden"]
[BlackTeam "Germany"]
[WhiteTeamCountry "SWE"]
[BlackTeamCountry "GER"]

1. c4 e5 2. Nc3 d6 3. e4 f5 4. Qe2 Nc6 5. Nf3 Nf6 6. d3 Be7 7. b3 0-0 8. Ba3 fxe4 9. dxe4 Bg4 10. h3 Nd4 11. Nxd4 Bxe2 12. Ndxe2 Nd7 13. g3 c6 14. 0-0-0 Rxf2 15. Kd2 Bg5+ 16. Ke1 Rf7 17. Bxd6 Qf6 18. Ba3 Qf2# 0-1

[Event "P-5123"]
[Site "IECC email"]
[Date "2019.04.10"]
[Round "?"]
[White "Krebs, Hans Joachim"]
[Black "Zirians, Simon"]
[Result "1/2-1/2"]
[WhiteElo "1866"]
[BlackElo "1722"]
[PlyCount "39"]
[EventDate "2019.??.??"]
[EventType "tourn (corr)"]
[SourceTitle "Corr 2020"]
[Source "ChessBase"]
[SourceDate "2019.09.30"]
[SourceVersion "1"]
[SourceVersionDate "2019.09.30"]
[SourceQuality "1"]
[WhiteTeam "Germany"]
[BlackTeam "United States"]
[WhiteTeamCountry "GER"]
[BlackTeamCountry "USA"]

1. e4 c6 2. d4 d5 3. Nc3 dxe4 4. Nxe4 Bf5 5. Ng3 Bg6 6. h4 h6 7. Nf3 Nd7 8. h5 Bh7 9. Bd3 Bxd3 10. Qxd3 e6 11. Bf4 Qa5+ 12. Bd2 Qc7 13. 0-0-0 Ngf6 14. Ne4 0-0-0 15. Kb1 c5 16. Nxf6 Nxf6 17. c3 Bd6 18. dxc5 Bxc5 19. Qe2 Rhe8 20. Be3 1/2-1/2

[Event "GER S3G3 enginefrei email"]
[Site "GER email"]
[Date "2018.03.17"]
[Round "?"]
[White "Krebs, Hans Joachim"]
[Black "Ramus, Norbert"]
[Result "1-0"]
[WhiteElo "1792"]
[BlackElo "1581"]
[PlyCount "57"]
[EventDate "2018.03.26"]
[EventType "tourn (corr)"]
[EventRounds "6"]
[EventCountry "GER"]
[SourceTitle "Corr 2020"]
[Source "ChessBase"]
[SourceDate "2019.09.30"]
[SourceVersion "1"]
[SourceVersionDate "2019.09.30"]
[SourceQuality "1"]

1. d4 d5 2. c4 e6 3. Nc3 c6 4. cxd5 exd5 5. Nf3 Nf6 6. Qc2 Be7 7. Bg5 0-0 8. e3 Nbd7 9. Bd3 h6 10. Bh4 Re8 11. 0-0 Ne4 12. Bxe7 Qxe7 13. b4 Ndf6 14. b5 c5 15. dxc5 Nxc5 16. Rac1 Nce4 17. h3 Bd7 18. Qb2 b6 19. Nd4 Nc5 20. Be2 Rec8 21. Nb3 Nxb3 22. Qxb3 Rc5 23. Na4 Rxc1 24. Rxc1 Rc8 25. Rxc8+ Bxc8 26. Bf3 Be6 27. Qd3 Qd7 28. Nc3 Kh8 29. a4 1-0

[Event "GER S3G3 enginefrei email"]
[Site "GER email"]
[Date "2018.03.17"]
[Round "?"]
[White "Schelberg, Martin"]
[Black "Krebs, Hans Joachim"]
[Result "1-0"]
[WhiteElo "1570"]
[BlackElo "1792"]
[PlyCount "49"]
[EventDate "2018.03.26"]
[EventType "tourn (corr)"]
[EventRounds "6"]
[EventCountry "GER"]
[SourceTitle "Corr 2022"]
[Source "ChessBase"]
[SourceDate "2021.10.24"]
[SourceVersion "1"]
[SourceVersionDate "2021.10.24"]
[SourceQuality "1"]

1. e4 d6 2. d4 Nf6 3. Nc3 e5 4. dxe5 dxe5 5. Qxd8+ Kxd8 6. Bg5 Be6 7. 0-0-0+ Kc8 8. Bxf6 gxf6 9. Kb1 c6 10. g3 Bh6 11. Nge2 Nd7 12. f4 Bg4 13. h3 Bf3 14. Rh2 Rg8 15. Rf2 Bxe2 16. Bxe2 Rxg3 17. Bg4 Rxg4 18. hxg4 Bxf4 19. Rf3 Kc7 20. Nb5+ cxb5 21. Rc3+ Kb6 22. Rd6+ Ka5 23. Ra3+ Kb4 24. Rxd7 h6 25. Rc7 1-0

[Event "GER OS-335 email"]
[Site "GER email"]
[Date "2018.01.06"]
[Round "?"]
[White "Krebs, Hans Joachim"]
[Black "Spandlowski, Detlef"]
[Result "1/2-1/2"]
[WhiteElo "1804"]
[BlackElo "2057"]
[PlyCount "88"]
[EventDate "2018.01.15"]
[EventType "tourn (corr)"]
[EventRounds "6"]
[EventCountry "GER"]
[SourceTitle "Corr 2020"]
[Source "ChessBase"]
[SourceDate "2019.09.30"]
[SourceVersion "1"]
[SourceVersionDate "2019.09.30"]
[SourceQuality "1"]

1. d4 Nf6 2. c4 g6 3. Nc3 Bg7 4. e4 0-0 5. Nf3 d6 6. Be2 e5 7. 0-0 Nc6 8. d5 Ne7 9. b4 Nh5 10. Re1 f5 11. Ng5 Nf6 12. Bf3 c6 13. Be3 h6 14. Ne6 Bxe6 15. dxe6 f4 16. Bc1 Re8 17. b5 Nh7 18. bxc6 bxc6 19. c5 dxc5 20. Na4 Ng5 21. Ba3 Qa5 22. Bxc5 Nc8 23. e7 Nxf3+ 24. gxf3 Nxe7 25. Qb3+ Kh8 26. Red1 Qb5 27. Rd7 Qxb3 28. axb3 Ng8 29. Nb2 Nf6 30. Rdxa7 Rxa7 31. Rxa7 Nh7 32. b4 Ng5 33. Kg2 Ne6 34. Nc4 Nd4 35. Na5 Rc8 36. Ra6 g5 37. h3 h5 38. Bxd4 exd4 39. Rxc6 Rb8 40. Rd6 Rxb4 41. Rd5 Rb2 42. Nc4 Rc2 43. Nd6 h4 44. Nf7+ Kg8 1/2-1/2

[Event "LSS No Engine Cup 164 Final"]
[Site "LSS email"]
[Date "2017.09.10"]
[Round "?"]
[White "Krebs, Hans Joachim"]
[Black "Hermans, Marcel"]
[Result "0-1"]
[WhiteElo "1772"]
[BlackElo "2133"]
[PlyCount "84"]
[EventDate "2017.09.11"]
[EventType "tourn (corr)"]
[EventRounds "6"]
[EventCountry "GER"]
[SourceTitle "Corr 2022"]
[Source "ChessBase"]
[SourceDate "2021.10.24"]
[SourceVersion "1"]
[SourceVersionDate "2021.10.24"]
[SourceQuality "1"]

1. d4 d5 2. c4 e6 3. Nc3 c5 4. cxd5 exd5 5. Nf3 Nc6 6. g3 Nf6 7. Bg2 Be7 8. 0-0 0-0 9. Bg5 cxd4 10. Nxd4 h6 11. Bf4 Bg4 12. h3 Be6 13. Rc1 Qd7 14. Nxe6 fxe6 15. e4 d4 16. e5 dxc3 17. exf6 Qxd1 18. Rfxd1 Bxf6 19. bxc3 Rad8 20. Re1 g5 21. Be3 Ne5 22. Bd4 Rxd4 23. Rxe5 Bxe5 24. cxd4 Bxd4 25. Rc2 b5 26. Re2 Kf7 27. Bc6 b4 28. Kg2 Ke7 29. Ba4 h5 30. Bb3 e5 31. Rc2 Bc3 32. Re2 g4 33. hxg4 hxg4 34. Re4 Bd4 35. Rxg4 Rxf2+ 36. Kh3 a5 37. Rg6 a4 38. Bd5 b3 39. axb3 a3 40. b4 a2 41. Bxa2 Rxa2 42. b5 Rb2 0-1

[Event "GER-Cup31 E/V04 email"]
[Site "GER email"]
[Date "2017.04.25"]
[Round "?"]
[White "Krebs, Hans Joachim"]
[Black "Denker, Hans Peter"]
[Result "1-0"]
[WhiteElo "1813"]
[BlackElo "1316"]
[PlyCount "84"]
[EventDate "2017.05.01"]
[EventType "tourn (corr)"]
[EventRounds "4"]
[EventCountry "GER"]
[SourceTitle "Corr 2020"]
[Source "ChessBase"]
[SourceDate "2019.09.30"]
[SourceVersion "1"]
[SourceVersionDate "2019.09.30"]
[SourceQuality "1"]

1. d4 f5 2. c4 g6 3. g3 Bg7 4. Bg2 Nf6 5. Nf3 0-0 6. 0-0 Qe8 7. Nc3 d6 8. d5 e5 9. dxe6 Bxe6 10. Nd4 Bc8 11. Nd5 Nxd5 12. Bxd5+ Kh8 13. Bf4 Be5 14. Bh6 Rf6 15. f4 Nc6 16. fxe5 Nxe5 17. e4 Ng4 18. Bg5 Rf8 19. h3 Ne5 20. exf5 Bxf5 21. Nxf5 gxf5 22. Bf4 Qg6 23. Bxb7 Rab8 24. Bxe5+ dxe5 25. Qe1 Qb6+ 26. Rf2 Rxb7 27. Qxe5+ Qf6 28. Re1 c6 29. Rxf5 Qxe5 30. Rxf8+ Kg7 31. Rxe5 Kxf8 32. b3 Rd7 33. Re2 Kf7 34. Kg2 Rd3 35. h4 h5 36. Rc2 a6 37. Rf2+ Kg6 38. Kh3 c5 39. Rf8 Rd2 40. Rg8+ Kh6 41. Rg5 Rxa2 42. Rxc5 Rb2 1-0

[Event "GER HS-223 email"]
[Site "GER email"]
[Date "2017.04.20"]
[Round "?"]
[White "Krebs, Hans Joachim"]
[Black "Herzog, Klaus"]
[Result "1/2-1/2"]
[WhiteElo "1813"]
[BlackElo "1852"]
[PlyCount "38"]
[EventDate "2017.04.25"]
[EventType "tourn (corr)"]
[EventRounds "6"]
[EventCountry "GER"]
[SourceTitle "Corr 2020"]
[Source "ChessBase"]
[SourceDate "2019.09.30"]
[SourceVersion "1"]
[SourceVersionDate "2019.09.30"]
[SourceQuality "1"]

1. d4 Nf6 2. c4 e5 3. dxe5 Ng4 4. Nf3 Bc5 5. e3 Nc6 6. Be2 Ngxe5 7. a3 a5 8. Nc3 0-0 9. b3 Nxf3+ 10. Bxf3 Ne5 11. Bb2 d6 12. 0-0 Re8 13. Be2 Bf5 14. Kh1 Qh4 15. Nd5 Re6 16. g3 Qd8 17. Nf4 Re8 18. Qd2 c6 19. b4 Bb6 1/2-1/2

[Event "GER HS-223 email"]
[Site "GER email"]
[Date "2017.04.20"]
[Round "?"]
[White "Kumpf, Dieter"]
[Black "Krebs, Hans Joachim"]
[Result "1-0"]
[WhiteElo "1837"]
[BlackElo "1813"]
[PlyCount "91"]
[EventDate "2017.04.25"]
[EventType "tourn (corr)"]
[EventRounds "6"]
[EventCountry "GER"]
[SourceTitle "Corr 2020"]
[Source "ChessBase"]
[SourceDate "2019.09.30"]
[SourceVersion "1"]
[SourceVersionDate "2019.09.30"]
[SourceQuality "1"]

1. d4 d6 2. Nf3 Nf6 3. c4 Nbd7 4. Nc3 e5 5. e4 g6 6. Be2 Bg7 7. dxe5 dxe5 8. Qc2 0-0 9. 0-0 c6 10. b4 b6 11. Rd1 Qe7 12. Rb1 a5 13. b5 Bb7 14. bxc6 Bxc6 15. Nd5 Bxd5 16. exd5 Qd6 17. Nd2 Nc5 18. Rb5 Rfc8 19. Ba3 Qd8 20. g3 Rab8 21. h4 Ne8 22. Bxc5 Rxc5 23. d6 Rxb5 24. cxb5 Qxd6 25. Ne4 Qe6 26. Qc6 Rc8 27. Qxe6 fxe6 28. Bg4 Kf8 29. Bxe6 Rc7 30. Nd6 Nxd6 31. Rxd6 Rb7 32. Bd5 Ke7 33. Re6+ Kd7 34. Rc6 Kd8 35. Be4 Bf8 36. Rf6 Bg7 37. Rd6+ Ke7 38. Rc6 Bf8 39. g4 Kf7 40. h5 Rb8 41. hxg6+ hxg6 42. Bxg6+ Kg7 43. Be4 Bc5 44. Kg2 Rd8 45. g5 Rd4 46. Rc7+ 1-0

[Event "GER Liga Q Server-37 email"]
[Site "GER email"]
[Date "2017.04.20"]
[Round "?"]
[White "Maruhn, Sebastian"]
[Black "Krebs, Hans Joachim"]
[Result "0-1"]
[WhiteElo "1582"]
[BlackElo "1813"]
[PlyCount "28"]
[EventDate "2017.04.25"]
[EventType "tourn (corr)"]
[EventRounds "6"]
[EventCountry "GER"]
[SourceTitle "Corr 2020"]
[Source "ChessBase"]
[SourceDate "2019.09.30"]
[SourceVersion "1"]
[SourceVersionDate "2019.09.30"]
[SourceQuality "1"]

1. d4 d6 2. c4 e5 3. dxe5 dxe5 4. Qxd8+ Kxd8 5. Nc3 Bd6 6. e4 f6 7. Be3 c6 8. c5 Be7 9. 0-0-0+ Nd7 10. Bc4 Kc7 11. Nf3 Nxc5 12. Rd2 b5 13. Bxc5 Bxc5 14. Rhd1 bxc4 0-1

[Event "GER Liga Q Server-37 email"]
[Site "GER email"]
[Date "2017.04.20"]
[Round "?"]
[White "Sagenschneider, Uwe"]
[Black "Krebs, Hans Joachim"]
[Result "0-1"]
[WhiteElo "1481"]
[BlackElo "1813"]
[PlyCount "82"]
[EventDate "2017.04.25"]
[EventType "tourn (corr)"]
[EventRounds "6"]
[EventCountry "GER"]
[SourceTitle "Corr 2020"]
[Source "ChessBase"]
[SourceDate "2019.09.30"]
[SourceVersion "1"]
[SourceVersionDate "2019.09.30"]
[SourceQuality "1"]

1. d4 d6 2. c3 Nf6 3. Bg5 Nbd7 4. e3 e5 5. Nd2 Be7 6. Bd3 h6 7. Bh4 d5 8. Ne2 e4 9. Bc2 0-0 10. c4 c6 11. 0-0 Ne8 12. Bg3 Nd6 13. c5 Nf5 14. b4 Nxg3 15. Nxg3 f5 16. Nh5 Nf6 17. Nf4 Kh7 18. a4 g5 19. Nh5 Bd7 20. Nxf6+ Rxf6 21. f4 Rg6 22. Qe2 gxf4 23. exf4 Bf6 24. Qe3 Qg8 25. g3 Qg7 26. Nb3 h5 27. Kh1 h4 28. Rg1 Rg8 29. gxh4 Bxh4 30. Rxg6 Qxg6 31. Qh3 Qh6 32. Rf1 Rg4 33. Na5 Bc8 34. Bd1 Rxf4 35. Rg1 Bf2 36. Qxh6+ Kxh6 37. Rg8 Bxd4 38. Rxc8 Rf1+ 39. Kg2 Rxd1 40. Nxb7 f4 41. Rxc6+ Kh5 0-1

[Event "GER Liga Q Server-37 email"]
[Site "GER email"]
[Date "2017.04.20"]
[Round "?"]
[White "Wernitz, Helmut"]
[Black "Krebs, Hans Joachim"]
[Result "1/2-1/2"]
[WhiteElo "1734"]
[BlackElo "1813"]
[PlyCount "37"]
[EventDate "2017.04.25"]
[EventType "tourn (corr)"]
[EventRounds "6"]
[EventCountry "GER"]
[SourceTitle "Corr 2020"]
[Source "ChessBase"]
[SourceDate "2019.09.30"]
[SourceVersion "1"]
[SourceVersionDate "2019.09.30"]
[SourceQuality "1"]

1. d4 d6 2. g3 Nf6 3. Bg2 Nbd7 4. e4 e5 5. Ne2 Be7 6. h3 0-0 7. Nbc3 c6 8. a4 a5 9. Be3 Rb8 10. d5 Nb6 11. b3 cxd5 12. exd5 Bf5 13. 0-0 h6 14. Qd2 Rc8 15. Rac1 Bd7 16. f4 exf4 17. Nxf4 Qc7 18. Nfe2 Nh7 19. Rf2 1/2-1/2

[Event "LSS No Engine Cup 148 Final"]
[Site "LSS email"]
[Date "2016.10.10"]
[Round "?"]
[White "Krebs, Hans Joachim"]
[Black "Kiryushin, Anatoly"]
[Result "1/2-1/2"]
[WhiteElo "1753"]
[BlackElo "2123"]
[PlyCount "28"]
[EventDate "2016.10.11"]
[EventType "tourn (corr)"]
[EventRounds "6"]
[EventCountry "GER"]
[SourceTitle "Corr 2022"]
[Source "ChessBase"]
[SourceDate "2021.10.24"]
[SourceVersion "1"]
[SourceVersionDate "2021.10.24"]
[SourceQuality "1"]

1. d4 Nf6 2. c4 c5 3. d5 e6 4. Nc3 exd5 5. cxd5 d6 6. e4 g6 7. f4 Bg7 8. Bb5+ Nfd7 9. a4 a6 10. Bd3 Qh4+ 11. g3 Qe7 12. Nf3 Nb6 13. 0-0 Bg4 14. Kg2 N8d7 1/2-1/2

[Event "LSS No Engine Cup 148 Final"]
[Site "LSS email"]
[Date "2016.10.10"]
[Round "?"]
[White "Krebs, Hans Joachim"]
[Black "Kolanek, Roman"]
[Result "0-1"]
[WhiteElo "1753"]
[BlackElo "2336"]
[PlyCount "48"]
[EventDate "2016.10.11"]
[EventType "tourn (corr)"]
[EventRounds "6"]
[EventCountry "GER"]
[SourceTitle "Corr 2022"]
[Source "ChessBase"]
[SourceDate "2021.10.24"]
[SourceVersion "1"]
[SourceVersionDate "2021.10.24"]
[SourceQuality "1"]

1. d4 Nf6 2. Nf3 d5 3. c4 e6 4. Nc3 Be7 5. Bg5 h6 6. Bh4 b6 7. cxd5 Nxd5 8. Nxd5 exd5 9. Bxe7 Qxe7 10. e3 0-0 11. Rc1 Be6 12. Qa4 a5 13. a3 Rc8 14. b4 c6 15. b5 c5 16. Be2 c4 17. 0-0 Nd7 18. Nd2 Nf6 19. Rc3 Bf5 20. f3 Ne8 21. Rf2 Nc7 22. e4 Bd7 23. Qd1 Nxb5 24. Rc1 Qxa3 0-1

[Event "LSS No Engine Cup 148 Final"]
[Site "LSS email"]
[Date "2016.10.10"]
[Round "?"]
[White "Van Bommel, Ton"]
[Black "Krebs, Hans Joachim"]
[Result "1-0"]
[WhiteElo "2370"]
[BlackElo "1753"]
[PlyCount "33"]
[EventDate "2016.10.11"]
[EventType "tourn (corr)"]
[EventRounds "6"]
[EventCountry "GER"]
[SourceTitle "Corr 2022"]
[Source "ChessBase"]
[SourceDate "2021.10.24"]
[SourceVersion "1"]
[SourceVersionDate "2021.10.24"]
[SourceQuality "1"]

1. e4 e5 2. Nf3 d6 3. d4 exd4 4. Nxd4 Nf6 5. Nc3 Be7 6. Bf4 0-0 7. Qd2 c6 8. Be2 Re8 9. 0-0-0 Bf8 10. Bf3 Nbd7 11. Nf5 Ne5 12. Nxd6 Bxd6 13. Qxd6 Qxd6 14. Rxd6 Ng6 15. Bg3 Be6 16. b3 Bg4 17. Rxf6 1-0